000 01282 a2200253 4500
001 53242
005 20260407155806.0
008 260407a2020 arg spa d
003 AR-UNSa-BCEJYS
040 _aAR-UNSa-BCEJYS
_bspa
_cAR-UNSa-BCEJYS
080 _a336.226.111
_xImpuestos sobre ingresos totales (Ingresos brutos - Convenio Multilateral)
245 1 0 _aConvenio multilateral
020 _a978-987-01-2565-5
250 _a8a. ed.
264 1 _aBuenos Aires :
_bErrepar
_c2020
300 _axix, 250 p.
_c27 cm.
505 _a1. Principales modificaciones hasta marzo 2020 – 2. Ámbito de aplicación del convenio – 3. Régimen general y regímenes especiales – 4. Inicio, cese de actividades y cuestiones generales – 5. Sistemas aplicativos y declaraciones juradas – 6. Organismo de aplicación, procedimientos recursivos y protocolo adicional – 7. Artículo 35 – Tributos Municipales – 8. Practica integral – 9. Consultas frecuentes – 10. Cuestiones controvertidas – 11. Datos útiles.
041 _aspa
942 _cBK
590 _aniveau_biblio:m niveau_hierar:0
100 1 _aBavera, M. Josefina
700 1 _aVanney, Carlos F.
856 4 1 _uhttps://www.biblioeco.unsa.edu.ar/pmb/images/libros/L128383.jpg
_yImagen de portada
_qimage/jpeg
999 _c5160
_d5160